00703naa#a2200169#i#4500001001500000005001700015011001400032100004100046102000700087200017300094210010500267215001000372608004500382700005200427700002800479856002600507RU\\bibl\6481420260516010200.6##a2782-4799##a20230604b2023####ek#y0rusy0150####ca##aRU1#aПараметризация социального аспекта в жанрах коммуникативной симуляцииeЖурнальная статья1#aКемеровоcКемеровский государственный университетd2023##a6 с.##aЖурнальная статья2local#1aЗайцеваgОльга Валерьевна#1aКатышевgП. А.4#avestnik-bees.kemsu.ru